| 000 | 00830nam a2200253 a 4500 | ||
|---|---|---|---|
| 008 | 951030s1992||||[C 0 slo c | ||
| 020 |
_a8008017627 _c49 |
||
| 040 |
_aSNK _bslo _cSNK _eAACR2 |
||
| 041 | 1 |
_aslo _hcze |
|
| 044 |
_axo _cSK |
||
| 080 | _a802.0(075.4) | ||
| 100 | 1 |
_aKollmannová, Ludmila _4aut |
|
| 245 | 1 | 0 |
_aAngličtina pre samoukov _cLudmila Kollmannová, Libuše Bubeníková, Alena Kopecká ; František Šatura, Miloš Novák, Ladislav Pros |
| 250 | _a5., vyd. | ||
| 260 |
_aBratislava _bSPN _c1992 _eNitra _fNitrianske tlačiarne |
||
| 300 |
_a560 s. _c20 cm |
||
| 500 | _aAbeced. slovníček angl.-slov. | ||
| 700 | 1 |
_aBubeníková, Libuše _4aut |
|
| 700 | 1 |
_aKopecká, Alena _4aut |
|
| 700 | 1 |
_aŠatura, František _4trl |
|
| 700 | 1 |
_aNovák, Miloš _4bkd |
|
| 700 | 1 |
_aPros, Ladislav _4bkd |
|
| 958 | _aA | ||
| 999 |
_c15077 _d15077 |
||